000 00922nam a2200265Ia 4500
003 OSt
005 20220923220844.0
006 a|||||r|||| 00| 0
007 ta
008 220922b |||||||| |||| 00| 0 hin d
024 _a191,404
037 _cTextual
040 _aARTS
_cARTS
_bhin
041 _2hin
_ahin
082 _aV2y7M61, 152M9
100 _aसोरन सिंह
245 0 _aमदनमोहन मालवीय व्यक्तित्व एवं कृतित्व
246 _aMadanamohan mālavīya vyaktitva evan kṛutitva
260 _aनई दिल्ली
_b राधा पब्लिकेशन्स
_c1989
300 _a524पृ.
_ccm.
650 _a भारत-इतिहास
_9156353
650 _aविश्व-इतिहास
942 _hV2y7M61, 152M9
_cTEXL
_2CC
999 _c344111
_d344111